000 00347 a2200157 4500
001 160247
020 _a978-85-10-04233-8-8
040 _cMagnum
100 _aJosé, Ganymédes
240 1 0 _aPor uma semente de paz
_lpor
245 1 0 _aPor uma semente de paz
300 _a127
362 0 _a2008
697 _aLITERATURA JUVENIL
942 _cBK
999 _c160247
_d160247